Statistiques concernant Paris Saint-Germain ou Olympique de Marseille ? Rivalités #9

Cliquez ici pour prendre le quiz!

Statistiques générales

  • Ce quiz a été pris 216 fois
  • Le résultat moyen est 11 sur 12

Statistiques - réponses

QuestionRéponse% Correct
Lequel a déjà compté Neymar jr, Paul Le Guen et Mustapha Dahleb dans ses rangs ?Paris Saint-Germain
100%
Lequel appartient au Qatar ?Paris Saint-Germain
100%
Lequel a déjà remporté la Ligue des Champions ?Olympique de Marseille
98%
Lequel a déjà été dirigé par Bernard Tapie ?Olympique de Marseille
97%
Lequel se trouve dans le département numéro 13 ?Olympique de Marseille
97%
Lequel est le plus vieux ?Olympique de Marseille
95%
Lequel a une étoile sur son logo ?Olympique de Marseille
95%
Lequel a remporté le plus de championnats ?Paris Saint-Germain
95%
Lequel a Puma pour équipementier ?Olympique de Marseille
94%
Lequel a pour chant de supporters « Aux armes » ?Olympique de Marseille
93%
Lequel a remporté le plus de Coupe de France ?Paris Saint-Germain
83%
Lequel a déjà remporté la Coupe Intertoto ?Les deux
34%

Distribution des résultats

Percentile par nombre de réponses

% des personnes avec chaque résultat

Votre développement - résultats

Vous n’avez pas pris ce quiz